Odborné časopisy - ročník 2003 Manažment, mzdy a financie
Na minha lista:
| Formato: | Livro |
|---|---|
| Idioma: | eslovaco |
| Publicado em: |
Bratislava
Ing. Miroslav Mračko, EPOS
2004
|
| Assuntos: | |
| Tags: |
Sem tags, seja o primeiro a adicionar uma tag!
|
MARC
| LEADER | 00000nlm$a2200000$$$4500 | ||
|---|---|---|---|
| 001 | 0005489 | ||
| 005 | 20230316092341.8 | ||
| 041 | 0 | |a slo | |
| 044 | |a SK | ||
| 245 | 1 | 0 | |a Odborné časopisy - ročník 2003 |b Manažment, mzdy a financie |
| 264 | 1 | |a Bratislava |b Ing. Miroslav Mračko, EPOS |c 2004 | |
| 300 | |a CD-ROM | ||
| 610 | 2 | 0 | |a manažment |
| 610 | 2 | 0 | |a financie |
| 610 | 2 | 0 | |a dane |
| 610 | 2 | 0 | |a zákony |
| 610 | 2 | 0 | |a účtovníctvo |
| 610 | 2 | 0 | |a poradenstvo |
| 610 | 2 | 0 | |a práva majetkové |
| 610 | 2 | 0 | |a právo obchodné |
| 610 | 2 | 0 | |a odpad |